000 00723nam a2200229 a 4500
001 000022797
005 20200930021813.0
008 100720s1967 sp 000 f spa d
040 _aDO-SdBNP
_bspa
_cBNPHU
082 _a863.6
_bC392vi, 1967
100 1 _aCela, Camilo José,
_d1916-2002
_93188
245 1 0 _aViaje a la Alcarria :
_bcon los versos de su cancionero, cada uno en su debido lugar /
_cCamilo José Cela.
250 _a12a ed.
260 _aBarcelona :
_bDestino,
_c1967.
300 _a220 p. ;
_c18 cm.
490 1 _aÁncora y delfín
_v101
650 4 _aNovela española
_91123
650 4 _aLiteratura española
_9632
651 4 _aEspaña
_xDescripciones Y Viajes
_93096
910 _aWM
049 _aBNGR
999 _c22294
_d22294